01718nam a2200265 i 4500003000900000005001700009007000300026008004100029020001800070040003000088082001900118100005100137245021000188264006600398300003800464336002700502337003400529338002800563490003200591490001900623500007400642504002500716520066900741700004201410DO-SdBNP20250716145048.0ta250716b2022 dr d r 00| 0 spa d a9789945509267 aDO-SdBNPbspacBNPHUerda 4axxxxbF3632221 aFernández Florencio, Katherineeautora4aut.10aPandemia y protección social :banálisis especializado con base en la encuesta de cultura política y cambio climático en Repùblica Dominicana /cKatherine Fernández Florencio, Alexandra Viloria 1aSanto Domingo :bFundación Friedrich Ebert Stiftung,c2022. a14 páginas bgrafícasc30 cm. atextobtxt2rdacontent asin mediación bn2rdamedia avolumenbnc2rdacurrier1 aTrabajo y justicia social ;1 aPerspectiva ;  aIncluye datos biográficos de las autoras en la última página.  aBibliografía p: 14 aLa pandemia de COVID-19 desató una profunda crisis sanitaria que desaceleró el crecimiento socioeconómico globalmente. Para enfrentar la pandemia, el Estado dominicano implementó estrategias de intervención en el sistema de salud, la protección social, el empleo y el control social que afectaron la economía, pero tuvieron resultados más positivos que muchos otros países de la región. Aunque la economía dominicana se ha recuperado, dicho avance no ha sido inclusivo ni equitativo. Gracias al turismo, el panorama de crecimiento económico es positivo, pero se mantienen los desafíos en materia de protección social y salud equitativa. aViloria, Alexandra eprologuista4pr.